000 02946nam0a2200397 4500
001 RU\NLR\BIBL_A\012123603
005 20260407115706.0
035 _a(NLR Aleph) 012123603
090 _a12007023
_c12007023
100 _a20181106d1898 |||y0rusy50 ca
101 0 _arus
102 _aRU
105 _ay z 000zy
200 1 _aОб изменении редакции ст. 12 и 15 закона 14 марта 1894 года в смысле предоставления права на отвод квартир у обывателей казакам строевого и запасного разрядов
_eпредставление по этому делу разослано Членам Государственного Совета, в печатных экземплярах
_fГосударственный Совет в Соединенных Департаментах Государственной Экономии, Законов и Гражданских и Духовных дел. Министерство Военное, 5 февраля 1898 года. № 62
210 _a[Санкт-Петербург
_cб. и.]
_d1898
215 _a2 с.
_d34
300 _aВ конце текста: Подписали: М. Каханов, В. Маркус, Н. Чихачов [и др.]; Скрепил: Статс-Секретарь Г. Шамшин
300 _aНа 1-й с.: CCXXVII, 1
309 _aБез тит. л и обл.
601 0 1 _aРоссия
_bКазачьи войска
_jНормативные документы
_xКвартирное довольствие
_92441183
_3RU\NLR\AUTH\6601670093
606 1 _aФинансы
_xИстория
_yРоссия
_91256568
_3RU\NLR\AUTH\66515235
686 3 _aЦ7,8(2)46я8
686 3 _aУ26(28)
702 1 _4720
_7ca
_8rus
_aКаханов
_bМ. С.
_f1833-1900
_gМихаил Семёнович
_9197457
_3RU\NLR\AUTH\770197508
702 1 _4720
_7ca
_8rus
_aМаркус
_bВ. М.
_f1826-1901
_gВладимир Михайлович
_9197462
_3RU\NLR\AUTH\770197513
702 1 _4720
_7ca
_8rus
_aЧихачёв
_bН. М.
_cадмирал, гос. деятель
_f1830-1917
_gНиколай Матвеевич
_9197499
_3RU\NLR\AUTH\770197550
702 1 _4720
_aШамшин
_bГ. И.
_cгос. деятель
_f1853-1918
_gГригорий Иванович
_9197513
_3RU\NLR\AUTH\770197564
712 0 1 _4570
_aРоссия
_bВоенное министерство
_3RU\NLR\AUTH\889942200
_9379257
712 0 1 _4570
_aРоссия
_bГосударственный совет
_3RU\NLR\AUTH\889948587
_9392796
712 0 1 _4570
_aРоссия
_bСоединенные департаменты государственной экономии, законов и гражданских и духовных дел
_9680800
_3RU\NLR\AUTH\880510211
852 _aNLR
_j135/294-322 (37)
942 _cBOOK
980 _aNB